00559nai a2200157Ia 4500003000900000008004100009022002200050022002300072040001600095245006500111260003400176310001200210362002600222521006900248856008400317IN-BaIIA211028c9999 xx s 000 0 eng d a1438-7697 (Print) a1438-9312 (Online) cIIA Library 0aEuropean Journal Of Lipid Science And Technologyh[eJournal] aNew JerseybJohn Wiley & Sons aMonthly a98(1); 1996 - Present bSubscribed through National Knowledge Resource Consortium (NKRC) uhttps://onlinelibrary.wiley.com/journal/14389312yClick Here to Access eJournal